000 00671nam a2200289Ia 4500
005 20260324143928.0
008 008 260324s9999 xx 000 0 eng d
020 _a9781003053644
037 _aEBOOK
040 _aCRL
040 _beng
040 _cCRL
041 _2eng
041 _aeng
084 _qCRL
100 _aBruce Phillips
_91217448
245 0 _aBrookline
245 4 _bThe Evolution of an American Jewish Suburb
260 _bTaylor and Francis
260 _c1990
365 _a
365 _b150
856 _uhttp://www.taylorfrancis.com/books/9781003053644
942 _cEBOOK
999 _c1823436
_d1823436